000 00338nam a2200109Ia 4500
008 171211s9999 xx 000 0 und d
245 _aTotality ― The Great American Eclipses of 2017 and 2024
245 _cFred Espenak and Mark Littmann
260 _c1987
650 _xASTRONOMY
856 _uhttp://down.ebook777.com/064/0198795696.pdf
999 _c349390
_d349390